Evaluación de la capacidad de carga viva vehicular de puentes en Costa Rica
Gorde:
| Egile nagusia: | |
|---|---|
| Formatua: | Liburua |
| Hizkuntza: | Spanish |
| Argitaratua: |
[San José], Costa Rica
2014
|
| Gaiak: | |
| Etiketak: |
Etiketa erantsi
Etiketarik gabe, Izan zaitez lehena erregistro honi etiketa jartzen!
|
MARC
| LEADER | 00000nam a22000007a 4500 | ||
|---|---|---|---|
| 003 | 011967 | ||
| 005 | 20221231143858.0 | ||
| 008 | 150309b2014 cr a|||| |||| 00| 0 spa d | ||
| 040 | |c cru CEDI | ||
| 090 | |a TFG 7133 | ||
| 100 | |9 347 |a Álvarez Sánchez, Luis Guillermo | ||
| 245 | |a Evaluación de la capacidad de carga viva vehicular de puentes en Costa Rica | ||
| 260 | |a [San José], Costa Rica |c 2014 | ||
| 500 | |a Proyecto de graduación (licenciatura en ingeniería civil)--Universidad de Costa Rica. Facultad de Ingeniería. Escuela de Ingeniería Civil | ||
| 650 | |x DISEÑO DE ESTRUCTURAS - NORMAS |x PUENTES - DISEÑO Y CONSTRUCCION - COSTA RICA |x ESTRUCTURAS DE ACERO - EVALUACION |x ESTRUCTURAS DE HORMIGON ARMADO - EVALUACION |x ANALISIS ESTRUCTURAL (INGENIERIA) |x CARGAS DINAMICAS (PUENTES) |x INGENIERÍA DEL TRÁNSITO |9 348 | ||
| 942 | |c TFG | ||
| 999 | |c 13648 |d 13648 | ||
